| 000 | 00292nam a2200121 i 4500 | ||
|---|---|---|---|
| 001 | bg | ||
| 245 | 0 |
_aProblemy teoreticeskoj fiziki. _nT. 2, _pTeorija atoma [...]. |
|
| 260 |
_aLeningrad, _c1975. |
||
| 040 | _cBPK | ||
| 041 | _apol | ||
| 942 | _cKS | ||
| 008 | s pl f |000 0 pol | ||
| 999 |
_c16399 _d16399 |
||
| 856 |
_uhttp://koha.tu.koszalin.pl/cgi-bin/koha/opac-detail.pl?biblionumber=16399 _yKatalog online BPK |
||